Cálculo de precios en las obras de albañilería /
Guardado en:
| Autor Principal: | |
|---|---|
| Formato: | Libro |
| Idioma: | Spanish |
| Publicado: |
Barcelona :
Montesó,
1947.
|
| Etiquetas: |
Agregar Etiqueta
Sin Etiquetas, Sea el primero en etiquetar este registro!
|
| LEADER | 00456nam a22001455a 4500 | ||
|---|---|---|---|
| 001 | EUN.um039708 | ||
| 003 | AR-BaUNS | ||
| 005 | 20050623122911.0 | ||
| 008 | 041125s1947####sp#a##########000#0#spa#d | ||
| 245 | 1 | 0 | |a Cálculo de precios en las obras de albañilería / |c Carlos F. Kutter. |
| 260 | |a Barcelona : |b Montesó, |c 1947. | ||
| 300 | |a 224 p. : |b ilus. ; |c 22 cm. | ||
| 100 | 1 | |a Kutter, Carlos F. | |
| 082 | 0 | 4 | |a 692.5 |
| 859 | |a Ar-BaUNS |b BIB. CENTRAL - Sector C |h 692.5 |i K95 |p 699/950 | ||
